Loading...

Transformation management : towards the integral enterprise

Bibliographic Details
Main Author: Lessem. Ronnie; Schieffer, Alexander
Format: Printed Book
Published: Gower Publishing; Uk 2013
Subjects:
LEADER 00620nam a2200193 4500
020 |c 2992 
082 |a R 338.7 LES 
100 |a Lessem. Ronnie; Schieffer, Alexander 
245 |a Transformation management : towards the integral enterprise  |c Lessem. Ronnie; Schieffer, Alexander 
250
260 |a Gower Publishing; Uk  |c 2013 
300 |a 352 p 
490
500
590 |a Dreamtech  |b D 
650 |a Entrepreneurship--Public enterprise 
942 |c BK 
999 |c 145421  |d 145421 
952 |0 0  |1 0  |4 0  |6 R_338_700000000000000_LES  |7 0  |9 158881  |a IMK  |b IMK  |g 2992.00  |l 0  |o R 338.7 LES  |p IMK11783  |r 2019-10-25  |w 2019-10-25  |y BK